Martindale (Record no. 16101)

MARC details
000 -LEADER
fixed length control field 00601nam a22001817a 4500
008 - FIXED-LENGTH DATA ELEMENTS--GENERAL INFORMATION
fixed length control field 160926b xxu||||| |||| 00| 0 eng d
020 ## - INTERNATIONAL STANDARD BOOK NUMBER
International Standard Book Number 0857111395
040 ## - CATALOGING SOURCE
Original cataloging agency KABU
Transcribing agency KABU
050 ## - LIBRARY OF CONGRESS CALL NUMBER
Classification number RS139
Item number .M38 2014 V.A c. 1
245 ## - TITLE STATEMENT
Title Martindale
Remainder of title the complete drug reference
Statement of responsibility, etc. edited by Alison Brayfield
250 ## - EDITION STATEMENT
Edition statement 38th ed.
260 ## - PUBLICATION, DISTRIBUTION, ETC. (IMPRINT)
Place of publication, distribution, etc. London
Name of publisher, distributor, etc. Pharmaceutical press
Date of publication, distribution, etc. 2014
300 ## - PHYSICAL DESCRIPTION
Extent xiv, 2650 p.
650 ## - SUBJECT ADDED ENTRY--TOPICAL TERM
Topical term or geographic name as entry element Pharmacopoeias
Geographic subdivision Great Britain
650 ## - SUBJECT ADDED ENTRY--TOPICAL TERM
Topical term or geographic name as entry element Pharmacopoeias
700 ## - ADDED ENTRY--PERSONAL NAME
Personal name Brayfield, Alison
942 ## - ADDED ENTRY ELEMENTS (KOHA)
Source of classification or shelving scheme Library of Congress Classification
Koha item type Reference
Classification part RS139 .M38 2014 V.A c. 1
Call number prefix REF
Edition 38th ed.
Holdings
Withdrawn status Lost status Source of classification or shelving scheme Not for loan Home library Current library Shelving location Date acquired Cost, normal purchase price Total Checkouts Full call number Barcode Date last seen Copy number Price effective from Koha item type
    Library of Congress Classification   Kabarak, Main Campus Kabarak, Main Campus General Stacks 26/09/2016 65.00   RS139 .M38 2014 V.A c. 1 026632 26/09/2016 c. 1 26/09/2016 General Collection
    Library of Congress Classification   Kabarak, Main Campus Kabarak, Main Campus General Stacks 26/09/2016 65.00   RS139 .M38 2014 V.A c. 2 026614 26/09/2016 c. 2 26/09/2016 General Collection
    Library of Congress Classification   Kabarak, Main Campus Kabarak, Main Campus General Stacks 26/09/2016 65.00   RS139 .M38 2014 V.A c. 3 026616 26/09/2016 c. 3 26/09/2016 General Collection
    Library of Congress Classification   Kabarak, Main Campus Kabarak, Main Campus General Stacks 26/09/2016 65.00   RS139 .M38 2014 V.A c. 4 026617 26/09/2016 c. 4 26/09/2016 General Collection
    Library of Congress Classification   Kabarak, Main Campus Kabarak, Main Campus General Stacks 26/09/2016 65.00   RS139 .M38 2014 V.A c. 5 026612 26/09/2016 c. 5 26/09/2016 General Collection
    Library of Congress Classification   Kabarak, Main Campus Kabarak, Main Campus General Stacks 26/09/2016 65.00   RS139 .M38 2014 V.B c. 1 026618 26/09/2016 c. 1 26/09/2016 General Collection
    Library of Congress Classification   Kabarak, Main Campus Kabarak, Main Campus General Stacks 26/09/2016 65.00   RS139 .M38 2014 V.B c. 2 026615 26/09/2016 c. 2 26/09/2016 General Collection
    Library of Congress Classification   Kabarak, Main Campus Kabarak, Main Campus General Stacks 26/09/2016 65.00   RS139 .M38 2014 V.B c. 3 026633 26/09/2016 c. 3 26/09/2016 General Collection
    Library of Congress Classification   Kabarak, Main Campus Kabarak, Main Campus General Stacks 26/09/2016 65.00   RS139 .M38 2014 V.B c. 4 026635 26/09/2016 c. 4 26/09/2016 General Collection
    Library of Congress Classification   Kabarak, Main Campus Kabarak, Main Campus General Stacks 26/09/2016 65.00   RS139 .M38 2014 V.B c. 5 026630 26/09/2016 c. 5 26/09/2016 General Collection
Designed with assistance from East African Informatics Ltd